| 000 | 01997nam a2200529 i 4500 | ||
|---|---|---|---|
| 001 | 18337 | ||
| 003 | KOSZ 005 | ||
| 005 | 20210218120822.0 | ||
| 008 | 031022s1975 pl a f |000 0 pol | ||
| 015 | _aUWD 1975/4989 | ||
| 035 | _a991021792329705066 | ||
| 035 | _a(PL-WaBN)b15887923-48omnis_nlop | ||
| 035 | _ab15887923 | ||
| 035 | _a(OCoLC)830527152 | ||
| 035 | _a(PL)b0000001588792 | ||
| 035 | _a(EXLNZ-48OMNIS_NETWORK)9910196371505606 | ||
| 040 |
_aWA N _cWA N _dKOSZ 005/HR |
||
| 041 | 0 |
_apol _bengr _brus |
|
| 046 | _k1975 | ||
| 080 | _a678 | ||
| 080 | _a661 | ||
| 245 | 0 | 0 |
_aFosforoorganiczne środki pomocnicze stosowane w przetwórstwie tworzyw sztucznych / _c[red. nauk. Helmut Matyschok]. |
| 260 |
_aWrocław : _bWydaw. PW, _c1975. |
||
| 300 |
_a71 s. : _bil., tab., wykr. ; _c24 cm. |
||
| 336 |
_aTekst _btxt _2rdacontent |
||
| 337 |
_aBez urządzenia pośredniczącego _bn _2rdamedia |
||
| 338 |
_aWolumin _bnc _2rdacarrier |
||
| 380 | _aKsiążki | ||
| 380 | _aPublikacje naukowe | ||
| 388 | _a1901-2000 | ||
| 388 | _a1945-1989 | ||
| 490 | 1 |
_aPrace Naukowe Instytutu Technologii Organicznej i Tworzyw Sztucznych Politechniki Wrocławskiej. Studia i Materiały ; _vnr 13 |
|
| 500 | _aNumeracja serii gł.: nr 17. | ||
| 504 | _aBibliogr. | ||
| 546 | _aStreszcz. ang., ros. | ||
| 650 | 7 | _aZwiązki fosforu | |
| 650 | 7 | _aZastosowanie i wykorzystanie | |
| 650 | 7 |
_aTworzywa sztuczne _2DBN |
|
| 650 | 7 | _aTechnologia | |
| 658 | _aInżynieria i technika | ||
| 700 | 1 |
_aMatyschok, Helmut _eRedakcja |
|
| 830 | 0 |
_aPrace Naukowe Instytutu Technologii Organicznej i Tworzyw Sztucznych Politechniki Wrocławskiej _v17 |
|
| 830 | 0 |
_aPrace Naukowe Instytutu Technologii Organicznej i Tworzyw Sztucznych Politechniki Wrocławskiej. _pStudia i Materiały _v13 |
|
| 856 |
_uhttp://koha.tu.koszalin.pl/cgi-bin/koha/opac-detail.pl?biblionumber=18337 _yKatalog online BPK |
||
| 942 |
_2UKD _cKS |
||
| 999 |
_c18337 _d18337 |
||